[Event "Yuzhny FO-ch op"]
[Site "Armavir"]
[Date "2011.03.20"]
[Round "9"]
[White "Perekrestov, Viktor"]
[Black "Karapetian, Armine"]
[Result "1-0"]
[WhiteElo "1884"]
[BlackElo "2056"]
[PlyCount "85"]
[EventDate "2011.03.12"]
[EventType "swiss"]
[EventRounds "9"]
[EventCountry "RUS"]
[SourceTitle "CBM 141 Extra"]
[Source "ChessBase"]
[SourceDate "2011.05.03"]
[SourceVersion "1"]
[SourceVersionDate "2011.05.03"]
[SourceQuality "1"]

1. e4 c5 2. Nf3 Nc6 3. d4 cxd4 4. Nxd4 Qc7 5. Nc3 e6 6. Ndb5 Qb8 7. Be3 a6 8. Bb6 axb5 9. Nxb5 Qe5 10. Nc7+ Ke7 11. Nxa8 Qxe4+ 12. Be2 d6 13. 0-0 Qb4 14. Qd3 Nf6 15. Qb3 Nd7 16. Qxb4 Nxb4 17. Be3 Nd5 18. c4 Nxe3 19. fxe3 Ne5 20. Nb6 Bd7 21. Nxd7 Kxd7 22. b4 Be7 23. a4 Bg5 24. Ra3 Rf8 25. a5 f6 26. Rc1 d5 27. c5 Kc7 28. Rcc3 Ra8 29. b5 g6 30. a6 b6 31. a7 Kb7 32. cxb6 Kxb6 33. Ra6+ Kb7 34. Rxe6 Rxa7 35. Re7+ Kb6 36. Rxa7 Kxa7 37. Ra3+ Kb7 38. Kf2 Bh6 39. Ra6 Bg5 40. Rd6 Nc4 41. Bxc4 dxc4 42. Rc6 c3 43. Rxc3 1-0

[Event "Yuzhny FO-ch op"]
[Site "Armavir"]
[Date "2011.03.16"]
[Round "5"]
[White "Gulinsky, Vladimir"]
[Black "Karapetian, Armine"]
[Result "1/2-1/2"]
[WhiteElo "2030"]
[BlackElo "2056"]
[PlyCount "80"]
[EventDate "2011.03.12"]
[EventType "swiss"]
[EventRounds "9"]
[EventCountry "RUS"]
[SourceTitle "CBM 141 Extra"]
[Source "ChessBase"]
[SourceDate "2011.05.03"]
[SourceVersion "1"]
[SourceVersionDate "2011.05.03"]
[SourceQuality "1"]

1. e4 c5 2. Nf3 Nc6 3. d4 cxd4 4. Nxd4 Qc7 5. Nc3 e6 6. g3 a6 7. Bg2 Nf6 8. 0-0 b5 9. Nxc6 dxc6 10. e5 Nd5 11. Qd4 Bb7 12. Bf4 Rd8 13. Rad1 Be7 14. Qd2 0-0 15. Ne4 Rd7 16. Nc3 Rfd8 17. Nxd5 cxd5 18. c3 Rc8 19. Qd4 Qa5 20. a3 Rdc7 21. Qd2 Rc4 22. Be3 Qc7 23. f4 a5 24. Qf2 b4 25. axb4 axb4 26. Bd4 bxc3 27. bxc3 Bc5 28. Qe3 Ba6 29. Rf3 Bxd4 30. cxd4 Rc2 31. Bf1 Bxf1 32. Rdxf1 Qa5 33. f5 Qa2 34. R3f2 exf5 35. e6 Rxf2 36. Rxf2 Qb1+ 37. Kg2 Qe4+ 38. Qxe4 dxe4 39. exf7+ Kf8 40. Rxf5 Rd8 1/2-1/2

[Event "Kislovodsk Plaza (Women)"]
[Site "Kislovodsk"]
[Date "2010.12.18"]
[Round "9"]
[White "Tarleva, Vira"]
[Black "Karapetian, Armine"]
[Result "1-0"]
[WhiteElo "2170"]
[BlackElo "2101"]
[PlyCount "93"]
[EventDate "2010.12.11"]
[EventType "tourn"]
[EventRounds "9"]
[EventCountry "RUS"]
[SourceTitle "EXT 2013"]
[Source "ChessBase"]
[SourceDate "2012.11.22"]
[SourceVersion "1"]
[SourceVersionDate "2012.11.22"]
[SourceQuality "1"]

1. e4 c5 2. Nf3 d6 3. d4 cxd4 4. Nxd4 Nf6 5. Nc3 a6 6. Bc4 b5 7. Bb3 Bb7 8. 0-0 Nbd7 9. a4 b4 10. Nd5 Nxd5 11. exd5 Nc5 12. Bc4 g6 13. Re1 h6 14. c3 bxc3 15. b4 Nd7 16. Nc6 Bxc6 17. dxc6 Nf6 18. Qf3 Bg7 19. c7 Qc8 20. Qc6+ Kf8 21. Bf4 Ne8 22. Qd5 e6 23. Bxd6+ Kg8 24. Qc6 Nxd6 25. Qxd6 Ra7 26. Rac1 Qxc7 27. Qxc7 Rxc7 28. Bxa6 Kh7 29. Red1 h5 30. Rd3 Rb8 31. Bb5 Rbc8 32. Rc2 Bf8 33. Ba6 Ra8 34. b5 Bg7 35. Rd1 Rc4 36. Ra1 Rd8 37. b6 Rb4 38. a5 Rb2 39. Rxb2 cxb2 40. Rb1 Ra8 41. b7 Rd8 42. Bf1 Bd4 43. a6 Kg7 44. Rxb2 Ba7 45. Rc2 Rd6 46. Rc8 Rb6 47. Ra8 1-0

[Event "Kislovodsk Plaza (Women)"]
[Site "Kislovodsk"]
[Date "2010.12.11"]
[Round "1"]
[White "Karapetian, Armine"]
[Black "Bazhina, Elena"]
[Result "1/2-1/2"]
[WhiteElo "2101"]
[BlackElo "2151"]
[PlyCount "93"]
[EventDate "2010.12.11"]
[EventType "tourn"]
[EventRounds "9"]
[EventCountry "RUS"]
[SourceTitle "EXT 2013"]
[Source "ChessBase"]
[SourceDate "2012.11.22"]
[SourceVersion "1"]
[SourceVersionDate "2012.11.22"]
[SourceQuality "1"]

1. e4 c5 2. c3 Nf6 3. e5 Nd5 4. d4 cxd4 5. cxd4 e6 6. Nc3 Nxc3 7. bxc3 a6 8. Nf3 d6 9. Bd3 dxe5 10. Nxe5 Bd6 11. f4 Qh4+ 12. g3 Qh3 13. Qg4 Qxg4 14. Nxg4 Nd7 15. Rb1 b5 16. Be4 Rb8 17. Ne5 Bb7 18. Bxb7 Rxb7 19. Nxd7 Rxd7 20. Ke2 0-0 21. Bd2 Rc8 22. Rb3 Rc4 23. Ra1 Kf8 24. Bc1 Ra4 25. Kd3 Ke7 26. Kc2 Rc7 27. Kb2 Kd7 28. Bd2 Kc6 29. Rc1 Kd5 30. Re1 Kc4 31. Re3 h6 32. Rf3 Kd5 33. Re3 Rac4 34. Re2 Kc6 35. Kb1 Kb6 36. Re3 a5 37. Rd3 a4 38. Rb2 Ba3 39. Rc2 b4 40. Be1 b3 41. axb3 axb3 42. Rf2 Rd7 43. Re2 Kb5 44. Re5+ Kc6 45. Ra5 Be7 46. Kb2 Rb7 47. Rd1 1/2-1/2

[Event "Krasnodar Region-ch (Women)"]
[Site "Krasnodar"]
[Date "2010.10.20"]
[Round "5"]
[White "Karapetian, Armine"]
[Black "Labasheva, Ekaterina"]
[Result "1-0"]
[WhiteElo "2110"]
[BlackElo "1837"]
[PlyCount "53"]
[EventDate "2010.10.16"]
[EventType "swiss"]
[EventRounds "9"]
[EventCountry "RUS"]
[SourceTitle "EXT 2022"]
[Source "ChessBase"]
[SourceDate "2021.10.06"]
[SourceVersion "1"]
[SourceVersionDate "2021.10.06"]
[SourceQuality "1"]

1. e4 c5 2. c3 d5 3. exd5 Qxd5 4. d4 cxd4 5. cxd4 Nc6 6. Nf3 Bg4 7. Be2 e6 8. 0-0 Nf6 9. Nc3 Qd8 10. Be3 Bd6 11. h3 Bh5 12. Rc1 0-0 13. Kh1 a6 14. d5 exd5 15. Nxd5 Nxd5 16. Qxd5 Bg6 17. Rfd1 Be7 18. Qb3 Qc7 19. Nd4 Rab8 20. Bxa6 Nxd4 21. Bxd4 Qa5 22. Be2 Be4 23. Qe3 Qf5 24. Qg3 f6 25. Rc7 Rfe8 26. Rxe7 Rxe7 27. Qxb8+ 1-0

[Event "RUS-chB U14 Girls"]
[Site "Dagomys"]
[Date "2009.04.??"]
[Round "1"]
[White "Potievskaya, Alexandra"]
[Black "Karapetian, Armine"]
[Result "1-0"]
[WhiteElo "1894"]
[BlackElo "1956"]
[PlyCount "93"]
[EventDate "2009.04.15"]
[EventType "swiss"]
[EventRounds "9"]
[EventCountry "RUS"]
[SourceTitle "EXT 2012"]
[Source "ChessBase"]
[SourceDate "2011.11.24"]
[SourceVersion "1"]
[SourceVersionDate "2011.11.24"]
[SourceQuality "1"]

1. e4 c5 2. Nf3 e6 3. d4 cxd4 4. Nxd4 Nf6 5. Nc3 Bb4 6. Bd3 e5 7. Nf3 Nc6 8. 0-0 d5 9. exd5 Nxd5 10. Nxd5 Qxd5 11. c3 Bd6 12. h3 Bd7 13. Ng5 h6 14. Ne4 0-0-0 15. Qf3 Be6 16. Rd1 Bb8 17. Bc2 Qa5 18. b4 Rxd1+ 19. Bxd1 Qc7 20. Nc5 Re8 21. Nxe6 fxe6 22. Qe4 Ne7 23. c4 Qc6 24. Qxc6+ Nxc6 25. a3 Kd7 26. Bh5 Rf8 27. Be3 Rd8 28. Rd1+ Ke7 29. Rxd8 Nxd8 30. Kf1 Nc6 31. Ke2 Bc7 32. Bf3 Bb6 33. Bxb6 axb6 34. Bxc6 bxc6 35. Ke3 Kd7 36. a4 c5 37. bxc5 bxc5 38. Ke4 Kd6 39. a5 g5 40. g3 h5 41. f3 h4 42. gxh4 gxh4 43. a6 Kc6 44. Kxe5 Kb6 45. Kxe6 Kxa6 46. f4 Ka5 47. f5 1-0